| 000 | 00894 a2200229 4500 | ||
|---|---|---|---|
| 003 | Nust | ||
| 005 | 20220729120003.0 | ||
| 010 | _a 98006348 | ||
| 020 | _a0849331978 (alk. paper) | ||
| 040 | _cNust | ||
| 082 | 0 | 0 | _a511.3,REG |
| 100 | 1 |
_aReghi?Mircea. _995762 |
|
| 245 | 1 | 0 |
_aClassical and Fuzzy Concepts in Mathematical Logic and Applications / _cMircea Reghis, Eugene Roventa. |
| 260 |
_aBoca Raton : _bCRC Press, _cc1998. |
||
| 300 |
_a364 p. : _bill. ; _c24 cm. |
||
| 505 | _aIntroduction to Native Mathematical Logic (Page-1), Propositional Logic (Page-15), Practical Logic (Page-183), Exercises (Page-315), References (Page-359). | ||
| 650 | 0 |
_aFuzzy logic. _960142 |
|
| 650 | 0 |
_aLogic, Symbolic and mathematical. _936546 |
|
| 700 | 1 |
_aRoventa, Eugene. _995763 |
|
| 856 | 4 | 2 |
_3Publisher description _uhttp://www.loc.gov/catdir/enhancements/fy0646/98006348-d.html |
| 942 |
_cREF _2ddc |
||
| 999 |
_c175282 _d175282 |
||